000 01116nas a2200337 i 4500
001 189806
003 SpMaBN
005 20250724062615.0
007 t|
008 191127d19932011sp f| p | b||at d
022 _a1136-9833
080 _a061.22(460.235)
245 0 0 _aEnciclopèdic noticiari /
_cCentre de Documentació Històrico-Social, Ateneu Enciclopèdic Popular.
260 _aBarcelona :
_bCDH-S/AEP,
_c1993-[2011]
300 _av. :
_bil. ;
_c30 cm.
310 _aTrimestral
321 _aSemestral
362 1 _a3 època, núm. 1 (maig 1993)-núm. 32 (gener 2007)
546 _aTexto en catalán y castellano.
590 0 _aDescripción basada en: 3 època, núm. 1 (maig 1993)-
594 _aTít. tomado de cubierta.
610 2 4 _aAteneu Enciclopèdic Popular.
_92063
650 7 _aCultura
_2embne
_9170963
655 7 _2tgfbne
_9226866
_aRevistas
710 2 _aAteneu Enciclopèdic Popular.
_92063
852 _aES-MaACL
_jHem-1754
866 0 _o(1993-95)1996-97(1998-99),2000(2001),(2007)
942 _2udc
_cPERIODICA
999 _c189806
_d189806